Meilleurs Buteur Ligue des Champions 18/19 - Statistiques

Statistiques générales
  • Ce quiz a été pris 86 fois
  • Le résultat moyen est 10 sur 15
Statistiques - réponses
But Club Joueur % Correct
12 FC Barcelone Messi
100%
5 Tottenham Kane
95%
8 Bayern Munich Lewandowski
95%
6 Manchester City Aguero
86%
6 Juventus Turin Cristiano Ronaldo
84%
5 Paris Saint-Germain Neymar
84%
5 Liverpool Salah
84%
4 Atlético Madrid Griezmann
81%
6 Ajax Amsterdam Tadic
68%
5 Juventus Turin Dybala
66%
5 AS Roma Dzeko
62%
5 Manchester City Sterling
57%
5 Tottenham Lucas
49%
5 Hoffenheim Kramaric
22%
6 Porto Marega
9%
Aucun quiz correspondant
Distribution des résultats
% des personnes avec chaque résultat
Percentile par nombre de réponses
Votre historique - résultats
Vous n’avez pas pris ce quiz